Loading...
| Philosophy | 2 | 2 | 0 | 0 | 50 | 46 | 69.50 | 1 | 4 |
| History - European History | 1 | 2 | 1 | 0 | 30 | 42 | 76.33 | 1 | 3 |
| Social Science | 0 | 3 | 0 | 0 | 30 | 96 | 113.00 | 2 | 3 |
| History - American History | 1 | 2 | 1 | 0 | 30 | 74 | 74.67 | 2 | 3 |
| Literature - European Literature | 1 | 0 | 0 | 0 | 15 | 70 | 70.00 | 1 | 1 |
| World and Other Literature | 0 | 1 | 0 | 0 | 10 | 146 | 146.00 | 0 | 1 |
| Fine Arts - Auditory Fine Arts | 0 | 1 | 0 | 1 | 10 | 124 | 124.00 | 0 | 1 |
| Fine Arts - Visual Fine Arts | 0 | 1 | 0 | 0 | 10 | 115 | 115.00 | 1 | 1 |
| Ancient History and Archaeology | 0 | 1 | 0 | 0 | 10 | 113 | 113.00 | 0 | 1 |
| Other Arts: Visual | 0 | 1 | 1 | 1 | 5 | 112 | 112.00 | 0 | 1 |
| Other Science: Math | 0 | 1 | 1 | 0 | 5 | 93 | 93.00 | 0 | 1 |
| History - World History | 0 | 0 | 1 | 0 | -5 | 0.00 | 0 | 0 | |
| Beliefs | 0 | 0 | 1 | 0 | -5 | 0.00 | 0 | 0 | |
| Other Academic | 0 | 0 | 1 | 0 | -5 | 0.00 | 0 | 0 |